01138 2200241 4500001002100000005001500021035002000036007000300056008004100059020002200100082001000122084001600132100002000148245012500168250000600293260002900299300002800328700001900356700001700375650001800392520046900410990001700879INLIS00000000000091020260505124201 a0010-0823000074ta260505 c 0 ind  a979-979-063-477-0 a611.9 a611.9 DED s0 aDede Abdurohman1 aSistem Rangka :bsusunan penegak tubuh yang kokoh /cDede Abdurohman ; editor, Tatik Widyah R ; ilustrator, Imam Permana a- aJakarta :bNectar,c2013 a32 :bilus. ;c28 cme-0 aTatik Widyah R0 aImam Permana 4aTUBUH MANUSIA aTahukah kamu bagaimana sistem kerja rangka kita Apa saja fungsi dari rangka kita Berapa jumlah tulang kita Zat gizi apa saja yang dibutuhkan tulang Kenapa polio bisa menyebabkan kelumpuhan Tulang apa yang terpanjang dan terkecil Ingin tahu jawabannya Bersama Agis dan Adri kita akan berpetualang menjelajahi cara kerja sistem rangka manusia dan hal hal unik lainnya yang menakjubkan Dapatkan petualangan seru lainnya dalam buku Seri Bagaimana Organ Tubuhmu Bekerja a00096/K/2017